[Event "Costa Brava op 29th"]
[Site "Costa Brava"]
[Date "2016.11.26"]
[Round "8"]
[White "Barneda Ciurana, Jordi"]
[Black "Vidal Palou, Jordi"]
[Result "1/2-1/2"]
[WhiteElo "1880"]
[BlackElo "1727"]
[PlyCount "52"]
[EventDate "2016.09.24"]
[EventType "swiss"]
[EventRounds "9"]
[EventCountry "ESP"]
[SourceTitle "EXT 2018"]
[Source "ChessBase"]
[SourceDate "2017.10.13"]
[SourceVersion "1"]
[SourceVersionDate "2017.10.13"]
[SourceQuality "1"]

1. e4 e5 2. Nf3 Nc6 3. Bb5 Nge7 4. 0-0 g6 5. c3 Bg7 6. d3 0-0 7. Bg5 d6 8. Na3 Bg4 9. h3 Be6 10. Qd2 f5 11. exf5 Bxf5 12. Nh4 Be6 13. Bc4 d5 14. Bb3 Qd7 15. Rae1 Nf5 16. Nxf5 Rxf5 17. f4 Raf8 18. fxe5 Rxf1+ 19. Rxf1 Rxf1+ 20. Kxf1 Nxe5 21. d4 Nf7 22. Nc2 c6 23. Ne1 Nd6 24. Nf3 Qf7 25. Qf4 Qxf4 26. Bxf4 Nf7 1/2-1/2

[Event "Costa Brava op 29th"]
[Site "Costa Brava"]
[Date "2016.09.24"]
[Round "1"]
[White "Delclos de Semis, Santiago"]
[Black "Barneda Ciurana, Jordi"]
[Result "0-1"]
[WhiteElo "1355"]
[BlackElo "1880"]
[PlyCount "56"]
[EventDate "2016.09.24"]
[EventType "swiss"]
[EventRounds "9"]
[EventCountry "ESP"]
[SourceTitle "EXT 2018"]
[Source "ChessBase"]
[SourceDate "2017.10.13"]
[SourceVersion "1"]
[SourceVersionDate "2017.10.13"]
[SourceQuality "1"]

1. d4 d5 2. Nf3 e6 3. e3 Nf6 4. c4 dxc4 5. Bxc4 Be7 6. Nbd2 Nbd7 7. a4 a5 8. 0-0 0-0 9. Qc2 Nb6 10. Bd3 h6 11. b3 Nbd5 12. Be2 b6 13. Ne5 Nb4 14. Qb1 Nfd5 15. Bb2 Bd6 16. Ndf3 Bb7 17. Kh1 Rc8 18. Qd1 c5 19. Nc4 cxd4 20. exd4 Bb8 21. Nfe5 Qc7 22. Bg4 Rfe8 23. Bh5 f6 24. Bf7+ Kf8 25. Qh5 fxe5 26. Nxe5 Nf6 27. Ng6+ Kxf7 28. Ne5+ Kg8 0-1

[Event "Palafrugell Gelpi Memorial 28th"]
[Site "Palafrugell"]
[Date "2015.??.??"]
[Round "3"]
[White "Barneda Ciurana, Jordi"]
[Black "Heredia Lloveras, David"]
[Result "1-0"]
[WhiteElo "2062"]
[BlackElo "1712"]
[PlyCount "71"]
[EventDate "2015.09.26"]
[EventType "swiss"]
[EventRounds "9"]
[EventCountry "ESP"]
[SourceTitle "EXT 2017"]
[Source "ChessBase"]
[SourceDate "2016.10.25"]
[SourceVersion "1"]
[SourceVersionDate "2016.10.25"]
[SourceQuality "1"]

1. e4 e6 2. d4 d5 3. Bd3 dxe4 4. Bxe4 Nf6 5. Bd3 b6 6. Nf3 Ba6 7. Bg5 Be7 8. 0-0 Bxd3 9. Qxd3 0-0 10. Nbd2 Nbd7 11. Rad1 h6 12. Bh4 Nd5 13. Bxe7 Qxe7 14. c3 Rad8 15. Rfe1 c5 16. a3 Nf4 17. Qa6 Nf6 18. Ne5 Qc7 19. Ndf3 Nd7 20. Nxd7 Rxd7 21. dxc5 Rfd8 22. Rxd7 Rxd7 23. cxb6 Qxb6 24. Qxb6 axb6 25. Kf1 Nd3 26. Rd1 Rd5 27. Rd2 e5 28. Nxe5 Nf4 29. Rxd5 Nxd5 30. c4 f6 31. cxd5 fxe5 32. Ke2 Kf8 33. Kd3 Ke7 34. a4 Kd6 35. Ke4 g6 36. b4 1-0

[Event "Palafrugell Gelpi Memorial 28th"]
[Site "Palafrugell"]
[Date "2015.??.??"]
[Round "5"]
[White "Barneda Ciurana, Jordi"]
[Black "Perolet Perez, Miquel"]
[Result "1-0"]
[WhiteElo "2062"]
[BlackElo "1845"]
[PlyCount "94"]
[EventDate "2015.09.26"]
[EventType "swiss"]
[EventRounds "9"]
[EventCountry "ESP"]
[SourceTitle "EXT 2017"]
[Source "ChessBase"]
[SourceDate "2016.10.25"]
[SourceVersion "1"]
[SourceVersionDate "2016.10.25"]
[SourceQuality "1"]

1. e4 c5 2. Nf3 Nc6 3. d4 cxd4 4. Nxd4 Nxd4 5. Qxd4 d6 6. Bc4 Nf6 7. Bg5 Qa5+ 8. Bd2 Qc5 9. Qd3 Bd7 10. 0-0 Rc8 11. Na3 a6 12. Qb3 e6 13. Qxb7 Qc6 14. Qxc6 Rxc6 15. f3 d5 16. exd5 exd5 17. Rfe1+ Be6 18. Bb3 Bc5+ 19. Be3 Bxe3+ 20. Rxe3 0-0 21. Rd1 Rb6 22. c3 g6 23. Re2 Rc8 24. Nc2 Kg7 25. Nb4 Rc5 26. Red2 a5 27. Nxd5 Bxd5 28. Bxd5 Nxd5 29. Rxd5 Rxd5 30. Rxd5 Rxb2 31. Rxa5 Kf6 32. c4 h5 33. a4 h4 34. g4 h3 35. Rb5 Rg2+ 36. Kh1 Rc2 37. Kg1 Rg2+ 38. Kf1 Rxh2 39. Kg1 Ra2 40. a5 Rc2 41. a6 Rxc4 42. Ra5 Rc8 43. Kh2 Ke7 44. a7 Ra8 45. Kxh3 Kd7 46. g5 Kc7 47. Kg4 Kb7 1-0

[Event "Palafrugell Gelpi Memorial 27th"]
[Site "Palafrugell"]
[Date "2012.09.22"]
[Round "1"]
[White "Bonell Gleich, Xavier"]
[Black "Barneda Ciurana, Jordi"]
[Result "0-1"]
[WhiteElo "1628"]
[BlackElo "1913"]
[PlyCount "107"]
[EventDate "2012.09.22"]
[EventType "swiss"]
[EventRounds "9"]
[EventCountry "ESP"]
[SourceTitle "EXT 2014"]
[Source "ChessBase"]
[SourceDate "2013.11.20"]
[SourceVersion "1"]
[SourceVersionDate "2013.11.20"]
[SourceQuality "1"]

1. e4 e5 2. Nf3 Nc6 3. d4 exd4 4. Nxd4 Bc5 5. Nxc6 Qf6 6. Qe2 Qxc6 7. Nc3 Nf6 8. Qb5 Qd6 9. g3 Ng4 10. Bf4 Qd4 11. Be3 Nxe3 12. fxe3 Qxe3+ 13. Qe2 d6 14. Nd5 Qxe2+ 15. Bxe2 Bb6 16. Rf1 Bh3 17. Nxb6 axb6 18. Rf4 Be6 19. a3 f6 20. 0-0-0 Ra5 21. Bg4 Bxg4 22. Rxg4 g5 23. e5 Rxe5 24. Rf1 Kf7 25. h4 h6 26. h5 Rhe8 27. Ra4 Ra5 28. Rc4 Rc5 29. Rd4 Re2 30. Rd2 Rxd2 31. Kxd2 Re5 32. Rf3 f5 33. Rc3 c6 34. Rb3 Rb5 35. Rd3 Rd5 36. Rxd5 cxd5 37. Ke3 Ke6 38. c3 Ke5 39. a4 f4+ 40. gxf4+ gxf4+ 41. Kf3 Kf5 42. b3 Kg5 43. b4 Kxh5 44. Kxf4 Kg6 45. a5 bxa5 46. bxa5 Kf6 47. Kg4 Ke5 48. Kh5 d4 49. cxd4+ Kxd4 50. Kxh6 Kc3 51. Kg6 d5 52. Kf5 d4 53. Ke5 d3 54. Kf4 0-1

[Event "Catalunya Vilanova Salt 35th"]
[Site "Salt"]
[Date "2009.06.12"]
[Round "8.3"]
[White "Barneda Ciurana, Jordi"]
[Black "Colls Bosch, Emilio"]
[Result "0-1"]
[WhiteElo "1876"]
[BlackElo "2008"]
[PlyCount "84"]
[EventDate "2009.04.17"]
[EventType "swiss"]
[EventRounds "9"]
[EventCountry "ESP"]
[SourceTitle "EXT 2024"]
[Source "ChessBase"]
[SourceDate "2023.10.10"]
[SourceVersion "1"]
[SourceVersionDate "2023.10.10"]
[SourceQuality "1"]

1. e4 c5 2. Nf3 d6 3. d4 cxd4 4. Nxd4 Nf6 5. Nc3 a6 6. Be3 e5 7. Nb3 Be7 8. Bc4 Qc7 9. Bd5 Be6 10. 0-0 Nbd7 11. Qd2 Rc8 12. Rac1 b5 13. a3 0-0 14. f3 Nb6 15. Bxb6 Qxb6+ 16. Kh1 a5 17. Bxe6 fxe6 18. Na2 a4 19. Na1 d5 20. exd5 exd5 21. c3 Bc5 22. Nc2 Rcd8 23. Nab4 Bxb4 24. Nxb4 e4 25. Nc2 exf3 26. Rxf3 Rfe8 27. Nd4 Ne4 28. Qd3 Nd6 29. Rh3 Re4 30. Re3 Rde8 31. Rce1 Qb7 32. Rxe4 dxe4 33. Qe2 Nc4 34. Rf1 Qd5 35. Rf5 Re5 36. Rf4 e3 37. Kg1 h6 38. Kf1 Nd2+ 39. Ke1 Qa2 40. Rf5 Rxf5 41. Nxf5 Qb1+ 42. Qd1 Qxf5 0-1

[Event "Girona-ch"]
[Site "Barcelona"]
[Date "2001.11.19"]
[Round "7"]
[White "Bravo Carvajal, Albert"]
[Black "Barneda Ciurana, Jordi"]
[Result "0-1"]
[WhiteElo "1990"]
[BlackElo "1960"]
[PlyCount "140"]
[EventDate "2001.10.07"]
[EventType "swiss"]
[EventRounds "9"]
[EventCountry "ESP"]
[SourceTitle "EXT 2008"]
[Source "ChessBase"]
[SourceDate "2007.11.25"]
[SourceVersion "1"]
[SourceVersionDate "2007.11.25"]
[SourceQuality "1"]

1. d4 d6 2. Nf3 Nf6 3. Bg5 h6 4. Bf4 Bf5 5. Nbd2 Nbd7 6. e3 e6 7. c4 Nh5 8. Bg3 Nxg3 9. hxg3 Nf6 10. Qb3 b6 11. Bd3 Bxd3 12. Qxd3 c6 13. Rd1 Be7 14. Qc2 0-0 15. Nh2 d5 16. g4 Nh7 17. Nhf3 Bf6 18. g3 Rc8 19. b3 c5 20. dxc5 Rxc5 21. Ke2 Qc8 22. Rh5 dxc4 23. Rxc5 Qxc5 24. Qxc4 Rc8 25. Rc1 Qxc4+ 26. Rxc4 Rxc4 27. Nxc4 Ng5 28. Nfd2 Bc3 29. Kd3 Bb4 30. a3 Be7 31. a4 f6 32. Kc3 Kf8 33. b4 Ke8 34. a5 b5 35. Na3 a6 36. Nxb5 Kd7 37. Nd4 e5 38. N4b3 Kc6 39. Kc4 Nf7 40. Ne4 Nd6+ 41. Nxd6 Bxd6 42. Nd2 Be7 43. Nf3 g5 44. Nd2 Bd6 45. Ne4 Be7 46. Nc3 Bd6 47. Nd5 f5 48. gxf5 h5 49. Nf6 h4 50. gxh4 gxh4 51. e4 h3 52. Ng4 Kc7 53. b5 axb5+ 54. Kxb5 Be7 55. f6 Bxf6 56. Ka6 Bg5 57. f4 exf4 58. e5 f3 59. e6 Bh4 60. e7 Bxe7 61. Ka7 f2 62. Nh2 Bc5+ 63. Ka8 Bd6 64. a6 Bc5 65. a7 Kd6 66. Kb7 Bxa7 67. Kxa7 Ke5 68. Ng4+ Kf4 69. Nxf2 h2 70. Nd3+ Kg3 0-1

[Event "Girona-ch"]
[Site "Barcelona"]
[Date "2001.10.14"]
[Round "2"]
[White "Barneda Ciurana, Jordi"]
[Black "Bou Janoher, Ernest"]
[Result "1-0"]
[WhiteElo "1960"]
[BlackElo "2020"]
[PlyCount "80"]
[EventDate "2001.10.07"]
[EventType "swiss"]
[EventRounds "9"]
[EventCountry "ESP"]
[SourceTitle "EXT 2008"]
[Source "ChessBase"]
[SourceDate "2007.11.25"]
[SourceVersion "1"]
[SourceVersionDate "2007.11.25"]
[SourceQuality "1"]

1. e4 c5 2. Nf3 d6 3. d4 cxd4 4. Nxd4 Nf6 5. Nc3 a6 6. Be2 e6 7. 0-0 Be7 8. Be3 0-0 9. Qd2 b5 10. a3 Bb7 11. f3 Nbd7 12. Nb3 Rc8 13. Bf4 Nb6 14. Rad1 Nc4 15. Bxc4 bxc4 16. Nc1 e5 17. Be3 Qc7 18. N1e2 Rfd8 19. Kh1 d5 20. Nxd5 Nxd5 21. exd5 Bxd5 22. Qc1 Qb7 23. Bd2 f6 24. Ng3 Bc5 25. Bc3 Qf7 26. Qd2 Bb6 27. Qe2 Rd7 28. Nf5 Rcd8 29. Rfe1 Qg6 30. Rxd5 Qxf5 31. Rxd7 Qxd7 32. Qxc4+ Kh8 33. Qxa6 Bf2 34. Qe2 Bxe1 35. Bxe1 Qd1 36. Qe4 h6 37. h3 Rd4 38. Qe3 Qxc2 39. Bc3 Rd3 40. Qc5 Rxf3 1-0